000 00511nam a2200181Ia 4500
001 21468
005 20260306172921.0
008 260306t2009||||xx |||||||||||||| ||spa||
041 _aESP
082 _a345.02
_bF84
100 _aFrisancho Aparicio, Manuel
_eAUT
245 0 _aManual para la aplicación del nuevo código procesal penal:
_bteoría - práctica forense - jurisprudencia
260 _c2009
300 _a818 páginas :
_c24 cm.
650 _aGEN
654 _aCDE
942 _cLIB
_dJUS
_fJUS
_2ddc
_n
999 _c21468
_d21468